[Event "South Wales New Year Major op"]
[Site "Bridgend"]
[Date "2023.01.07"]
[Round "2"]
[White "Binesmael, Mohamed"]
[Black "Philpin, Les"]
[Result "0-1"]
[WhiteElo "1548"]
[BlackElo "1722"]
[PlyCount "120"]
[EventDate "2023.01.06"]
[EventType "swiss"]
[EventRounds "5"]
[EventCountry "WLS"]
[SourceTitle "EXT 2024"]
[Source "ChessBase"]
[SourceDate "2023.10.10"]
[SourceVersion "1"]
[SourceVersionDate "2023.10.10"]
[SourceQuality "1"]

1. e4 e6 2. d4 d5 3. e5 h6 4. Nf3 c5 5. c4 Nc6 6. Bf4 cxd4 7. Nbd2 Bb4 8. a3 Bxd2+ 9. Qxd2 Nge7 10. Bd3 b6 11. b4 a6 12. 0-0 dxc4 13. Bxc4 b5 14. Bd3 Nd5 15. Bg3 Qb6 16. Rac1 Nc3 17. Rfe1 Bb7 18. Nxd4 Qxd4 19. Rxc3 Rd8 20. Rd1 Qb6 21. Qf4 Rd4 22. Qe3 Qd8 23. h3 Rd7 24. Rdc1 0-0 25. Qe4 g6 26. Bh4 Ne7 27. Qe3 g5 28. Bg3 Nf5 29. Bxf5 exf5 30. f4 Rd1+ 31. Kh2 Qd5 32. R1c2 Rd8 33. Be1 Rd3 34. Rxd3 Qxd3 35. Qxd3 Rxd3 36. fxg5 hxg5 37. Rc7 Be4 38. Rc8+ Kg7 39. Bc3 Kg6 40. Kg1 f4 41. Kf2 Rg3 42. Rg8+ Kh7 43. Rf8 Rxc3 44. Rxf7+ Kg8 45. Rf6 Rc2+ 46. Ke1 Rc6 47. e6 Rc7 48. Kd1 Kg7 49. e7 Rxe7 50. Rxa6 Bxg2 51. Rb6 Bf1 52. Rd6 f3 53. Rd5 Kf6 54. Rd6+ Re6 55. Rd8 Ke5 56. h4 gxh4 57. Rh8 h3 58. Rh5+ Kf4 59. Rh8 Bg2 60. Rb8 h2 0-1

[Event "Dyfed op"]
[Site "Fishguard"]
[Date "2017.02.26"]
[Round "5"]
[White "Haigh, Tony"]
[Black "Philpin, Les"]
[Result "1-0"]
[WhiteElo "1816"]
[BlackElo "1719"]
[PlyCount "39"]
[EventDate "2017.02.24"]
[EventType "swiss"]
[EventRounds "5"]
[EventCountry "WLS"]
[SourceTitle "EXT 2019"]
[Source "ChessBase"]
[SourceDate "2018.10.10"]
[SourceVersion "1"]
[SourceVersionDate "2018.10.10"]
[SourceQuality "1"]

1. d4 e6 2. e4 d5 3. Nd2 c5 4. exd5 exd5 5. Ngf3 c4 6. g3 Nf6 7. Bg2 Be7 8. 0-0 0-0 9. Re1 Re8 10. Nf1 Ne4 11. N3d2 Nxd2 12. Nxd2 Be6 13. c3 Nc6 14. b3 b5 15. bxc4 bxc4 16. Nxc4 Rc8 17. Ne3 Na5 18. Bd2 Bf6 19. Nxd5 Bxd5 20. Rxe8+ 1-0

[Event "Dyfed op"]
[Site "Fishguard"]
[Date "2017.02.26"]
[Round "4"]
[White "Philpin, Les"]
[Black "Miles, Richard"]
[Result "0-1"]
[WhiteElo "1719"]
[BlackElo "1983"]
[PlyCount "60"]
[EventDate "2017.02.24"]
[EventType "swiss"]
[EventRounds "5"]
[EventCountry "WLS"]
[SourceTitle "EXT 2019"]
[Source "ChessBase"]
[SourceDate "2018.10.10"]
[SourceVersion "1"]
[SourceVersionDate "2018.10.10"]
[SourceQuality "1"]

1. d4 Nf6 2. Nf3 c5 3. c3 e6 4. Bf4 cxd4 5. Nxd4 d5 6. e3 Be7 7. Nb5 Na6 8. Nd2 0-0 9. Be2 Bd7 10. Nd4 Nc5 11. N4f3 Qb6 12. b3 Nce4 13. h3 Nxc3 14. Qc2 Nxe2 15. Kxe2 Rac8 16. Qb2 Bb5+ 17. Kd1 Bb4 18. Be5 Be7 19. g4 Bd3 20. Nd4 Ne8 21. Rc1 Rxc1+ 22. Qxc1 Bd6 23. Bxd6 Nxd6 24. Qc3 Be4 25. f3 Rc8 26. Qb2 Bd3 27. Re1 Nb5 28. Nb1 Nxd4 29. exd4 Bxb1 30. Qxb1 Qxd4+ 0-1

[Event "Dyfed op"]
[Site "Fishguard"]
[Date "2017.02.25"]
[Round "2"]
[White "Philpin, Les"]
[Black "Jones, Dewi"]
[Result "1-0"]
[WhiteElo "1719"]
[BlackElo "1534"]
[PlyCount "79"]
[EventDate "2017.02.24"]
[EventType "swiss"]
[EventRounds "5"]
[EventCountry "WLS"]
[SourceTitle "EXT 2019"]
[Source "ChessBase"]
[SourceDate "2018.10.10"]
[SourceVersion "1"]
[SourceVersionDate "2018.10.10"]
[SourceQuality "1"]

1. d4 Nf6 2. Nf3 g6 3. Bf4 Bg7 4. e3 d6 5. Nbd2 0-0 6. Be2 Nbd7 7. c3 Qe8 8. Qc2 a6 9. h3 e5 10. dxe5 dxe5 11. Bh2 c6 12. 0-0-0 b5 13. Nb3 a5 14. Ng5 a4 15. Nd2 h6 16. Nge4 Nd5 17. Nd6 Qe7 18. Nxc8 Rfxc8 19. g4 b4 20. Nb1 bxc3 21. Nxc3 N7b6 22. Kd2 Qh4 23. Bg3 Qe7 24. Ke1 Nxc3 25. Qxc3 e4 26. Qc2 Qb4+ 27. Kf1 Qxb2 28. Qxb2 Bxb2 29. Rd2 a3 30. Rc2 Na4 31. Bc4 Nb6 32. Bf4 Nxc4 33. Rxc4 Kg7 34. Rxe4 Rd8 35. Ke2 Rd5 36. Rd1 Rad8 37. Rxd5 Rxd5 38. Rc4 c5 39. e4 Rd4 40. Be5+ 1-0

[Event "Dyfed op 45th"]
[Site "Fishguard"]
[Date "2016.02.27"]
[Round "2"]
[White "Philpin, Les"]
[Black "Williams, Howard"]
[Result "0-1"]
[WhiteElo "1749"]
[BlackElo "2330"]
[PlyCount "56"]
[EventDate "2016.02.26"]
[EventType "swiss"]
[EventRounds "5"]
[EventCountry "WLS"]
[SourceTitle "EXT 2018"]
[Source "ChessBase"]
[SourceDate "2017.10.13"]
[SourceVersion "1"]
[SourceVersionDate "2017.10.13"]
[SourceQuality "1"]

1. d4 Nf6 2. Nf3 g6 3. Bf4 d6 4. e3 Nh5 5. Bg5 h6 6. Bh4 g5 7. Bg3 Bg7 8. Be2 Nxg3 9. hxg3 Nd7 10. Nc3 c5 11. Qd2 a6 12. a3 b5 13. dxc5 Nxc5 14. Nd4 e6 15. Bf3 d5 16. Bh5 0-0 17. Nce2 Bd7 18. f4 Rc8 19. c3 f5 20. g4 e5 21. fxe5 fxg4 22. e6 Nxe6 23. Nxe6 Bxe6 24. 0-0-0 Rf2 25. g3 Qf6 26. Qe1 Qf3 27. Nd4 Bxd4 28. exd4 Bf5 0-1